[Event "FIDE World Cup 2017"]
[Site "Tbilisi"]
[Date "2017.09.06"]
[Round "2.1"]
[White "Fedoseev, Vladimir"]
[Black "Inarkiev, Ernesto"]
[Result "1-0"]
[WhiteElo "2731"]
[BlackElo "2694"]
[Annotator "TA"]
[PlyCount "73"]
[EventDate "2017.??.??"]
[EventType "k.o."]
[EventCountry "GEO"]
[SourceTitle "playchess.com"]
[Source "ChessBase"]
[SourceQuality "1"]

{[%evp 17,73,-37,12,0,18,0,0,0,0,19,14,22,99,103,96,97,118,119,86,93,110,114,88,104,99,88,128,133,152,157,210,180,257,257,263,278,270,257,252,252,251,231,220,231,292,293,318,265,399,406,809,809,771,134,761,744,1297,1333]} 1. e4 c5 2. Nf3 Nc6 3. Nc3 g6 4. d4 cxd4 5. Nxd4 Bg7 6. Be3 Nf6 7. Be2 O-O 8. Nb3 d6 9. g4 a6 {LiveBook: 3 Games. B72: Sicilian Dragon: 6 Be3, lines with h3+Bc4 and sidelines} (9... d5 $5) (9... Be6 10. g5 Nd7 11. h4 Nb6 12. f4 Nc4 13. Bxc4 Bxc4 14. Qf3 Nb4 15. Rh2 Qc7 16. Bd4 Bxd4 17. Nxd4 {0-1 (34) Tomczak,J (2585)-Moranda,W (2588) Poland 2015}) 10. h4 $146 {[%cal Bh2h4,Bh4h5][%mdl 32]} (10. g5 $5 {[%cal Rg5f6]} Nd7 11. f4 $11) ({Predecessor:} 10. g5 Nd7 11. Qd2 b5 12. h4 Bb7 13. h5 Rc8 14. f4 {0-1 (39) Wu,C (2377)-Escalante Ramirez,B (2302) Khanty-Mansiysk 2016}) 10... b5 {[%cal Bb7b5,Bb5b4][%mdl 32]} 11. h5 b4 {The position is equal.} 12. Nd5 e6 13. Nb6 Rb8 14. Nxc8 Qxc8 (14... Rxc8 $11 15. Bxa6 Rb8) 15. Qxd6 $16 {[#] And now hxg6 would win.} e5 16. O-O-O a5 17. hxg6 hxg6 18. g5 Rd8 19. Qc5 $36 {[%mdl 2048] Keeping Black busy.} ({Don't play} 19. gxf6 Rxd6 20. Rxd6 Bf8 $15) 19... Nd7 20. Qd5 Nb6 21. Qb5 Nd5 22. Qa4 ({Inferior is} 22. exd5 Rxb5 23. Bxb5 Nd4 $17) 22... Nxe3 23. fxe3 {[%cal Bf2e3,Be3d4][%mdl 32]} Qc7 (23... Rxd1+ $16 24. Rxd1 Ra8) 24. Bc4 Nd4 (24... Rbc8 $142 25. Rdf1 Rf8) 25. Nxa5 $18 (25. exd4 Qxc4 26. Nxa5 Qa6 $16) 25... Ra8 26. exd4 Qxc4 27. Nxc4 Rxa4 28. dxe5 Re8 29. Kb1 Bxe5 30. Nb6 Ra7 31. Nd5 Kg7 32. Rh3 Ra4 (32... Rb8 {was necessary.} 33. Rdh1 Rd7 34. Rh7+ Kg8) 33. Rdh1 {aiming for Rh7+.} Rd8 (33... Ra5 $142 34. Nxb4 Kf8) 34. Rh7+ Kg8 35. Ne7+ Kf8 36. Nc6 Re8 {[#]} 37. Rh8+ $1 {Precision: White = 86%, Black = 57%.} 1-0

[Event "FIDE World Cup 2017"]
[Site "Tbilisi"]
[Date "2017.09.06"]
[Round "2.1"]
[White "Bacrot, Etienne"]
[Black "Bu, Xiangzhi"]
[Result "1/2-1/2"]
[WhiteElo "2728"]
[BlackElo "2714"]
[Annotator "TA"]
[PlyCount "45"]
[EventDate "2017.??.??"]
[EventType "k.o."]
[EventCountry "GEO"]
[SourceTitle "playchess.com"]
[Source "ChessBase"]
[SourceQuality "1"]

{[%evp 24,45,34,41,39,35,39,35,47,35,50,39,50,47,60,27,58,21,26,21,21,21,31,30]} 1. e4 e5 2. Nf3 Nf6 {[%cal Bg8f6,Bf6e4,Be4d2][%mdl 32]} 3. Nxe5 d6 4. Nf3 Nxe4 5. d4 d5 6. Bd3 Be7 7. O-O Nc6 8. Nbd2 Nxd2 9. Bxd2 Bg4 10. c3 O-O {C42: Petroff Defence: 3 Nxe5 and unusual White 3rd moves} 11. h3 Bh5 12. g3 Qd7 13. Kg2 {LiveBook: 8 Games} Rfe8 (13... Bg6 14. Ne1 Bd6 15. Qg4 Qxg4 16. hxg4 Rfe8 17. Bxg6 hxg6 18. Nd3 {½-½ (37) Caruana,F (2810)-Dominguez Perez,L (2713) Dortmund 2016}) 14. Qc2 Bg6 $146 ({Find the theoretical novelty and annotate with similar games:} 14... Bxf3+ 15. Kxf3 g6 16. Kg2 Bd6 17. Rae1 Ne7 18. Re2 {½-½ (55) Baklan,V (2621)-Costachi,M (2428) Calimanesti Caciulata 2016}) 15. Bxg6 hxg6 16. Rfe1 b6 17. Bf4 Bd6 18. Bxd6 Qxd6 19. Re2 Re7 20. Rxe7 Nxe7 21. Re1 f6 22. h4 Qd7 23. Ng1 1/2-1/2

[Event "FIDE World Cup 2017"]
[Site "Tbilisi"]
[Date "2017.09.06"]
[Round "2.1"]
[White "Matlakov, Maxim"]
[Black "Andreikin, Dmitry"]
[Result "1/2-1/2"]
[WhiteElo "2728"]
[BlackElo "2708"]
[Annotator "TA"]
[PlyCount "45"]
[EventDate "2017.??.??"]
[EventType "k.o."]
[EventCountry "GEO"]
[SourceTitle "playchess.com"]
[Source "ChessBase"]
[SourceQuality "1"]

{[%evp 17,45,29,32,33,32,35,32,31,30,25,29,20,32,37,28,33,38,0,0,0,0,0,0,0,0,0,0,0,0,-15]} 1. d4 Nf6 2. c4 e6 3. Nf3 a6 4. Nc3 d5 5. cxd5 exd5 6. Bg5 {D37: Queen's Gambit Declined: 5 Bf4} (6. Qb3 b5 7. Bg5 Be6 8. Qc2 Nbd7 9. e3 c5 10. dxc5 Bxc5 11. Bd3 h6 12. Bh4 Rc8 13. O-O O-O {½-½ (39) Gelfand,B (2728)-Mamedyarov,S (2800) Geneve 2017}) 6... Be6 7. e3 Nbd7 8. Bd3 Bd6 9. O-O c6 {LiveBook: 11 Games} 10. Bf4 Qc7 11. Bxd6 Qxd6 12. h3 $146 ({Predecessor:} 12. Ng5 O-O 13. Qc2 h6 14. Nxe6 Qxe6 {½-½ (55) Sorokin,A (2469)-Rakhmanov,A (2670) Sochi 2017}) 12... O-O 13. Qc2 a5 14. Nd2 Rfe8 15. Rae1 Nb6 16. f4 Bd7 17. g4 {[%cal Bg2g4,Bg4g5][%mdl 32]} c5 {The position is equal.} 18. dxc5 Qxc5 19. Nb3 Qe7 20. g5 Ne4 21. Bxe4 dxe4 22. Qg2 a4 23. Nd4 {Precision: White = 66%, Black = 81%.} 1/2-1/2

[Event "FIDE World Cup 2017"]
[Site "Tbilisi"]
[Date "2017.09.06"]
[Round "2.1"]
[White "Vitiugov, Nikita"]
[Black "Najer, Evgeniy"]
[Result "1/2-1/2"]
[WhiteElo "2728"]
[BlackElo "2694"]
[Annotator "TA"]
[PlyCount "132"]
[EventDate "2017.??.??"]
[EventType "k.o."]
[EventCountry "GEO"]
[SourceTitle "playchess.com"]
[Source "ChessBase"]
[SourceQuality "1"]

{[%evp 20,132,25,18,54,0,0,6,20,21,64,59,50,36,55,36,30,41,71,71,88,69,91,-23,-22,-32,-45,-36,-36,-22,-25,-12,0,-36,-21,-58,-47,-89,-58,-72,-53,-51,-34,-53,-59,-54,-35,-40,-22,-52,0,-48,0,-54,-31,-31,-31,-25,-27,-42,-35,-29,-31,-29,-31,-40,-10,-27,-31,-75,-8,-8,-8,-8,-8,-8,-8,-8,-8,-8,-8,-8,-8,-8,-8,-8,-8,-8,-8,-8,-8,-8,0,-8,-8,-8,0,0,0,0,0,0,0,0,0,0,0,0,0,0,0,0,0,0,0]} 1. d4 Nf6 2. c4 g6 3. Nc3 Bg7 4. e4 d6 5. f3 O-O 6. Nge2 a6 7. Bg5 {E81: King's Indian: Sämisch: 6th move deviations (including 6 Be3 c6)} (7. Ng3 Nbd7 8. Be2 c6 9. O-O b5 10. Be3 Rb8 11. Rf2 Qc7 12. Rc1 b4 13. Na4 c5 14. d5 e6 15. b3 Re8 16. Qd2 exd5 17. cxd5 Nb6 18. Nxb6 Qxb6 {1-0 (34) Aronian,L (2780)-Van Wely,L (2695) Wijk aan Zee 2017}) 7... b5 8. Qd2 Nbd7 9. Ng3 c5 10. d5 Qa5 11. cxb5 {LiveBook: 4 Games} axb5 $146 ({Find the theoretical novelty and annotate with similar games:} 11... Nb6 12. Be2 axb5 13. O-O b4 14. Nd1 Ba6 15. Ne3 Bxe2 16. Nxe2 Qb5 17. b3 Ra6 18. Rac1 {1-0 (38) Miton,K (2638)-Zhigalko,A (2532) Warsaw 2006}) 12. Nxb5 ({Better is} 12. Bxb5 $14 Ba6 13. Bxa6 Qxa6 14. Nge2) 12... Qxd2+ $11 13. Bxd2 Ba6 14. a4 Rfb8 {Threatens to win with ...Bxb5.} 15. Rb1 Ne8 16. b3 Rb7 17. Kd1 h5 18. Na3 h4 19. Bxa6 Rxa6 20. Ne2 Ne5 21. Rf1 (21. Nc3 $16) 21... c4 22. bxc4 Rxb1+ 23. Nxb1 Rxa4 24. Kc2 Rxc4+ 25. Nbc3 f5 26. Bf4 Nd7 27. Kd3 Rb4 28. Be3 Ne5+ 29. Kc2 Nc4 30. Bc1 Kf7 31. Nf4 Nc7 32. g4 hxg3 33. hxg3 Ne5 34. Bd2 Nc4 35. Bc1 $1 Ne5 36. Bd2 Rc4 37. Kb3 Na6 38. Ne6 Bf6 39. Bg5 Nc5+ (39... Rb4+ {keeps more tension.} 40. Kc2 Nc4 41. Nd1 Bxg5 42. Nxg5+ Kf6) 40. Nxc5 Rxc5 41. Bxf6 Kxf6 $15 {[%mdl 4096] Endgame KRN-KRN} 42. f4 Ng4 (42... Nc4 $5 {[%cal Rc4d2]} 43. Rd1 Rc8 $15) 43. Ra1 Kf7 44. Ra4 Nf6 ({Black should play} 44... Ne3 $17 {With the idea ...Nf1.} 45. Ra1 fxe4 46. Nxe4 Rxd5) 45. exf5 $11 {The position is equal.} gxf5 46. Rc4 Ra5 47. Ra4 Rxa4 48. Kxa4 {KN-KN} Kg6 {...Ne4 is the strong threat.} 49. Kb5 $1 Kh5 {aiming for ...Kg4.} 50. Kc6 $1 Kg4 51. Ne2 Kf3 52. Nd4+ Ke4 53. Ne6 Nxd5 {Strongly threatening ...Nf6.} 54. Kd7 Kf3 (54... Ne3 $5 {[%cal Rd6d5]} 55. Kxe7 Nf1 $11) 55. Nd4+ Ke4 56. Ne6 Kd3 {And now ...Kc4 would win.} 57. Ng5 $1 Kc3 58. Ke6 Ne3 59. Kxe7 d5 60. Ke6 $1 d4 {[#]} 61. g4 $1 {[%cal Rg4f5][%mdl 512]} fxg4 (61... Nxg4 62. Kxf5) 62. f5 {[#] Black must now prevent f6.} Nxf5 $1 {[%mdl 512]} 63. Kxf5 d3 64. Kxg4 d2 65. Ne4+ Kc2 {[#]} 66. Nxd2 $1 {[%mdl 512]} Kxd2 {Precision: White = 68%, Black = 59%.} 1/2-1/2

[Event "FIDE World Cup 2017"]
[Site "Tbilisi"]
[Date "2017.09.06"]
[Round "2.1"]
[White "Navara, David"]
[Black "Cheparinov, Ivan"]
[Result "1-0"]
[WhiteElo "2720"]
[BlackElo "2695"]
[Annotator "TA"]
[PlyCount "63"]
[EventDate "2017.??.??"]
[EventType "k.o."]
[EventCountry "GEO"]
[SourceTitle "playchess.com"]
[Source "ChessBase"]
[SourceQuality "1"]

{[%evp 23,63,0,0,-14,0,0,-9,-38,42,0,0,14,18,-7,38,28,34,33,40,0,16,18,0,17,57,62,60,0,0,0,0,0,0,0,0,0,0,0,170,187,578,583]} 1. c4 e6 2. Nc3 Nf6 3. e4 d5 4. e5 d4 5. exf6 dxc3 6. bxc3 Qxf6 7. Nf3 e5 8. d4 Nc6 {A18: English Opening: Flohr-Mikenas System (1 c4 Nf6 2 Nc3 e6 3 e4)} 9. Bg5 Qg6 10. d5 Nb8 11. h4 h6 12. h5 Qd6 {LiveBook: 4 Games} 13. Be3 Nd7 14. Qa4 {[#]} (14. c5 $5 Nxc5 15. Bb5+ Nd7 16. c4 $11) 14... Qa3 $146 ({Predecessor:} 14... c6 15. Rd1 {1-0 (67) Nakamura,H (2787)-Caruana,F (2795) Saint Louis 2016}) 15. Qb3 (15. Qc2 {with more complications.} Bc5 16. Bc1 Qa5 17. Bd3 O-O 18. O-O) 15... a5 (15... Qa5 $15) 16. Qc2 Qd6 17. Bd3 Be7 18. Rd1 a4 19. O-O O-O 20. Rfe1 b6 21. Bh7+ Kh8 22. Bf5 Qf6 23. g4 Qd6 24. Bc1 a3 25. Bxd7 ({Better is} 25. Qe2 $14) 25... Bxd7 $11 26. Nxe5 Ba4 27. Qf5 Bxd1 28. Nxf7+ Rxf7 29. Qxf7 Bh4 $1 {[#] And now ...Bc2 would win.} (29... Qd7 $6 30. Re6 $16) 30. g5 $1 (30. Rxd1 $2 Rf8 $19) 30... Ba4 $2 ({Avoid the trap} 30... Rf8 $2 31. Re8 $18) (30... Bxg5 $11 31. Bxg5 (31. Rxd1 $2 Bxc1 32. Rxc1 Rf8 $19) 31... hxg5 32. Rxd1 Rf8) 31. Re7 $18 {[%csl Ge7][%cal Rf7g7]} Bxf2+ $2 (31... Rg8 {is more resistant.}) 32. Kh1 {Precision: White = 66%, Black = 59%.} ({Stronger than} 32. Kxf2 Qh2+ 33. Ke3 Rg8 $11) 1-0

[Event "FIDE World Cup 2017"]
[Site "Tbilisi"]
[Date "2017.09.06"]
[Round "2.1"]
[White "Tomashevsky, Evgeny"]
[Black "Vallejo Pons, Francisco"]
[Result "1/2-1/2"]
[WhiteElo "2710"]
[BlackElo "2717"]
[Annotator "TA"]
[PlyCount "75"]
[EventDate "2017.??.??"]
[EventType "k.o."]
[EventCountry "GEO"]
[SourceTitle "playchess.com"]
[Source "ChessBase"]
[SourceQuality "1"]

{[%evp 11,75,26,23,22,6,0,19,0,2,0,0,0,37,38,34,18,63,41,46,29,44,49,51,33,47,48,52,41,47,43,41,46,45,12,10,0,29,0,0,0,13,0,0,0,0,0,0,0,0,0,0,0,0,0,0,0,0,0,0,0,0,0,0,0,11,0]} 1. Nf3 d5 2. g3 Bf5 3. Bg2 e6 4. O-O Nf6 {[#]} 5. c4 $1 {[%mdl 512]} c6 (5... dxc4 6. Ne5) 6. Qb3 Qb6 7. d3 {A11: English Opening: 1...c6} Nbd7 8. cxd5 exd5 9. Qc2 Qc5 10. Qd1 $146 ({Predecessor:} 10. Qa4 Qb4 11. Qd1 Be7 12. a3 Qb6 13. Nc3 Bg4 14. b4 O-O {½-½ (44) Giri,A (2775)-Grischuk,A (2761) Geneve 2017}) 10... Be7 11. Nc3 Rd8 12. Be3 Qa5 13. a3 $36 {[%mdl 2048] White has good play.} a6 14. b4 Qc7 15. Bf4 Bd6 16. Bxd6 Qxd6 17. e4 Bg4 18. exd5 Nxd5 19. Re1+ Ne7 20. Qe2 Nf6 21. Qe3 Qc7 22. Ng5 h6 23. Nge4 Nd7 {[%cal Bf6d7,Bd7c5,Bc5b3][%mdl 32]} 24. d4 {[#] Black must now prevent d5!} (24. Nd2 {keeps more tension.} Nf8 25. Nc4 Ne6 26. Na4 O-O 27. Nc5) 24... O-O {The position is equal.} 25. Nc5 Nxc5 26. Qxe7 (26. dxc5 $5 {[%cal Re3e7]} Rd7 27. Bf3 $11) 26... Qxe7 27. Rxe7 Nb3 28. Rae1 Nxd4 29. Rxb7 Rfe8 30. Rbe7 Rxe7 31. Rxe7 Nb5 32. h3 {aiming for Nxb5.} Be6 33. Nxb5 cxb5 34. Ra7 Rd1+ 35. Kh2 Rd2 36. Kg1 Rd1+ 37. Kh2 Rd2 38. Kg1 {Precision: White = 57%, Black = 76%.} 1/2-1/2

[Event "FIDE World Cup 2017"]
[Site "Tbilisi"]
[Date "2017.09.06"]
[Round "2.1"]
[White "Wang, Hao"]
[Black "Gelfand, Boris"]
[Result "1/2-1/2"]
[WhiteElo "2701"]
[BlackElo "2737"]
[Annotator "TA"]
[PlyCount "143"]
[EventDate "2017.??.??"]
[EventType "k.o."]
[EventCountry "GEO"]
[SourceTitle "playchess.com"]
[Source "ChessBase"]
[SourceQuality "1"]

{[%evp 11,143,29,29,10,20,8,18,5,17,9,26,15,7,0,8,0,17,16,30,2,29,24,50,47,45,1,18,16,18,17,30,21,35,30,29,21,37,12,12,8,9,21,20,20,35,25,36,27,23,11,76,76,76,76,76,77,77,77,80,80,90,90,90,93,116,116,116,116,116,116,116,116,116,116,116,116,116,116,116,116,116,116,116,116,116,116,116,116,116,55,116,116,116,116,116,55,55,55,55,27,27,27,27,27,27,27,27,27,27,27,27,27,27,0,27,0,27,27,27,17,17,17,17,17,17,17,141,100,100,115,141,141,141,0]} 1. d4 Nf6 2. c4 e6 3. Nf3 d5 4. Bg5 h6 5. Bxf6 Qxf6 6. e3 g6 {LiveBook: 8 Games. D30: Queen's Gambit Declined: Systems without Nc3} 7. Qb3 $146 ({Find the theoretical novelty and annotate with similar games:} 7. Nbd2 Bg7 8. Bd3 O-O 9. O-O Nd7 10. b4 Qe7 11. Qb3 c6 12. a4 Rd8 13. a5 Rb8 14. Rfd1 {0-1 (43) Kryakvin,D (2554)-Riazantsev,A (2651) Sochi 2016}) 7... c6 8. Nbd2 Bg7 {The position is equal.} 9. Bd3 O-O 10. O-O Qe7 11. Rac1 Nd7 12. Rfe1 a5 13. a3 dxc4 14. Nxc4 a4 15. Qc3 b6 16. Nfe5 Bxe5 17. dxe5 Ba6 18. Be4 Bxc4 19. Qxc4 Nxe5 20. Qd4 Qf6 21. f4 ({Much weaker is} 21. Qxb6 Rab8 $15) 21... Ng4 22. Qxf6 Nxf6 23. Bxc6 Ra5 24. Red1 Rc8 25. h3 Nd5 26. Kf2 Ne7 27. Bf3 Rac5 28. Rxc5 Rxc5 $14 {[%mdl 4096] Endgame KRB-KRN} 29. Rd8+ Kg7 30. Bd1 Nd5 (30... b5 $11) 31. Bxa4 $16 Rc1 32. Bb3 Rb1 33. Bxd5 Rxb2+ 34. Kf3 exd5 35. Rxd5 {KR-KR} b5 36. g4 Rb3 37. h4 Rxa3 38. Rxb5 Ra1 39. h5 gxh5 40. Rxh5 Ra3 41. Rd5 Rb3 42. Ke4 Ra3 43. Rd6 Rb3 44. Rd3 Rb5 45. Rd5 Rb3 46. Ra5 Kf6 47. Ra8 Kg7 48. Rd8 (48. Ra6 {is more complex.} Rb1 49. Ra5 Re1 50. Rc5 Ra1 51. Rb5) 48... Ra3 49. Rd3 Ra5 50. Kf3 ({White should try} 50. Rd1 $16) 50... Ra1 (50... f6 $1 $14) 51. Rd5 Ra3 52. Re5 Ra4 53. g5 (53. Re7 $16) 53... hxg5 $14 54. Rxg5+ Kf8 55. e4 f6 56. Rb5 Kf7 57. Rb7+ Kf8 58. Rc7 Rb4 59. Ra7 Rc4 60. Ra3 Kf7 61. Re3 Kg6 62. Ra3 Kf7 63. Ra7+ Kf8 64. f5 Rb4 65. Kg4 {Black should prevent Kh5.} (65. Ra6 $5 {[%cal Ra6f6]} Kf7 66. Ra7+ Ke8 67. Ra6 $14) 65... Rxe4+ 66. Kh5 {Threatening Kg6.} Kg8 67. Kg6 {[#] Intending Ra8+ and mate.} Rg4+ 68. Kxf6 {Ra8+ is the strong threat.} Rf4 (68... Rc4 $1 $11) 69. Ra8+ Kh7 70. Ke6 {Threatens to win with f6.} Kg7 {intending ...Re4+.} 71. Ra7+ Kg8 72. Ra8+ {Precision: White = 54%, Black = 63%.} (72. Kf6 $16) 1/2-1/2

[Event "FIDE World Cup 2017"]
[Site "Tbilisi"]
[Date "2017.09.06"]
[Round "2.1"]
[White "Duda, Jan-Krzysztof"]
[Black "Ivanchuk, Vassily"]
[Result "1/2-1/2"]
[WhiteElo "2698"]
[BlackElo "2727"]
[Annotator "TA"]
[PlyCount "41"]
[EventDate "2017.??.??"]
[EventType "k.o."]
[EventCountry "GEO"]
[SourceTitle "playchess.com"]
[Source "ChessBase"]
[SourceQuality "1"]

{[%evp 12,41,34,34,32,32,22,24,27,30,27,25,37,26,35,22,36,36,32,33,44,36,44,37,50,50,76,73,68,14,11,-1]} 1. e4 e6 2. d4 d5 3. Nc3 dxe4 4. Nxe4 Nd7 5. g3 Ngf6 6. Nxf6+ Nxf6 7. Bg2 e5 {C10: French with 3 Nc3: Unusual Black 3rd moves and 3...dxe4} (7... c5 8. Ne2 Be7 9. O-O O-O 10. c3 h6 11. Qb3 Qb6 12. Rd1 Rd8 13. Be3 Qa6 14. c4 Ng4 15. dxc5 Nxe3 16. Rxd8+ Bxd8 17. Qxe3 Bf6 {1-0 (45) Harikrishna,P (2737)-Hort,V (2428) Biel 2017}) 8. Nf3 exd4 9. Qxd4 Be7 {White has an edge.} 10. Bf4 O-O 11. O-O-O c6 12. Rhe1 {[#] Threatens to win with Qe5.} Qxd4 13. Nxd4 {[#]} Bc5 $146 ({Predecessor:} 13... Bb4 14. c3 Bc5 15. Bg5 Bxd4 16. Rxd4 {1-0 (49) Kadric,D (2481)-Kritz,L (2593) Richardson 2014}) 14. Bg5 Bb6 15. c3 Bd7 16. Bxf6 gxf6 17. Be4 Rfd8 18. f3 Be6 19. Nxe6 fxe6 20. Rxd8+ (20. Bd3 $14) 20... Rxd8 $11 21. Rd1 {Precision: White = 84%, Black = 64%.} 1/2-1/2

[Event "FIDE World Cup 2017"]
[Site "Tbilisi"]
[Date "2017.09.06"]
[Round "2.1"]
[White "Rodshtein, Maxim"]
[Black "Adams, Michael"]
[Result "1/2-1/2"]
[WhiteElo "2695"]
[BlackElo "2738"]
[Annotator "TA"]
[PlyCount "55"]
[EventDate "2017.??.??"]
[EventType "k.o."]
[EventCountry "GEO"]
[SourceTitle "playchess.com"]
[Source "ChessBase"]
[SourceQuality "1"]

{[%evp 22,55,26,34,15,19,22,20,27,17,18,14,34,29,34,8,7,10,10,0,17,0,15,0,6,11,14,0,0,0,0,0,0,0,10,0]} 1. d4 Nf6 2. c4 e6 3. Nc3 Bb4 4. Nf3 c5 5. g3 cxd4 6. Nxd4 O-O 7. Bg2 d5 8. cxd5 Nxd5 9. Qb3 Qa5 10. Bd2 Nc6 11. Nxc6 bxc6 12. O-O {[#] And now Nxd5 would win.} Bxc3 {E20: Nimzo-Indian: 4 g3 and 4 f3} 13. bxc3 {Threatening Rad1.} Ba6 14. Rfd1 {aiming for c4.} Qc5 15. e4 (15. c4 Qxc4 16. e4 Nb6 17. Rdc1 Qxb3 18. axb3 Bb5 19. Be3 Rfb8 20. Bf1 {½-½ (37) Bukavshin,I (2655)-Jakovenko,D (2759) Chita 2015}) 15... Bc4 16. Qa4 Nb6 17. Qb4 Qh5 {Hoping for ...Rad8.} 18. Re1 c5 {The position is equal.} 19. Qa5 Rfc8 20. Bf4 e5 $146 21. Be3 Be6 22. Rab1 ({Wrong is} 22. Bxc5 $2 Nc4 $19) 22... h6 23. Bf1 Bh3 24. Be2 (24. Bxc5 $2 Bxf1 25. Rxf1 Nc4 $19) 24... Bg4 25. Ba6 Bh3 26. Be2 (26. Bxc5 $2 {[#]} Qf3 $1 $19 {[%mdl 512]}) 26... Bg4 27. Bf1 Bh3 28. Be2 {Precision: White = 66%, Black = 76%.} ({Don't go for} 28. Bxc5 $2 Bxf1 29. Rxf1 Nc4 $19) 1/2-1/2

[Event "FIDE World Cup 2017"]
[Site "Tbilisi"]
[Date "2017.09.06"]
[Round "2.1"]
[White "Artemiev, Vladislav"]
[Black "Radjabov, Teimour"]
[Result "1/2-1/2"]
[WhiteElo "2692"]
[BlackElo "2742"]
[Annotator "TA"]
[PlyCount "97"]
[EventDate "2017.??.??"]
[EventType "k.o."]
[EventCountry "GEO"]
[SourceTitle "playchess.com"]
[Source "ChessBase"]
[SourceQuality "1"]

{[%evp 15,97,15,17,6,23,16,18,24,18,0,0,0,24,0,0,0,0,0,0,-10,-8,-11,0,-15,-11,-12,-9,-13,-17,-12,-15,-36,-31,-40,-19,-33,-27,-39,-38,-36,-35,-38,-42,-40,-35,-35,-16,-28,-27,-54,-54,-68,0,0,0,0,17,17,26,26,34,0,13,12,27,8,34,0,27,27,27,0,0,0,0,0,0,0,0,0,0,0,0,0]} 1. e4 e5 2. Bc4 Nf6 3. Nc3 Nc6 4. d3 Na5 5. Qf3 Nxc4 (5... d6 6. Nge2 Be7 7. h3 O-O 8. O-O Be6 9. b3 Qd7 10. a4 Rad8 11. Ba3 Ne8 12. Qe3 a6 13. f4 Nxc4 14. bxc4 exf4 15. Nxf4 {½-½ (45) Rublevsky,S (2681)-Jakovenko,D (2704) Khanty-Mansiysk 2016}) 6. dxc4 {C28: Vienna Game: 2...Nf6 3 Bc4 Nc6} d6 7. Nge2 {[%cal Bg1e2,Be2g3,Bg3f5,Bf5e3,Be3d5][%mdl 32]} Be7 8. O-O O-O {LiveBook: 4 Games} 9. a4 Be6 (9... Bg4 $5 {[%cal Rg4f3]} 10. Qd3 Be6 $11) 10. b3 Nd7 $146 ({Find the theoretical novelty and annotate with similar games:} 10... c6 11. Rd1 Qc7 12. Ba3 Rfd8 13. h3 {0-1 (53) Laarhoven,T-Swinkels,R (2286) Vlissingen 2006}) 11. Ng3 Bg5 12. Nf5 Bxc1 13. Raxc1 g6 14. Ne3 a5 15. Rcd1 Nc5 16. Qg3 Qf6 $1 17. f3 Qg7 18. Qe1 b6 19. Ned5 f5 20. exf5 Rxf5 21. Qd2 Raf8 22. Ne4 Bxd5 23. Qxd5+ Qf7 24. Rfe1 h5 25. Qxf7+ R8xf7 26. Nc3 g5 27. Nd5 Kh7 28. Ne3 R5f6 29. Rd2 Ne6 30. c3 Rg6 31. b4 Rg8 32. Rb1 Ra8 33. Ra1 axb4 (33... Rf4 $15) 34. cxb4 $11 Nd4 {[#] White must now prevent ...Nb3.} 35. Raa2 c6 (35... Nc6 $5 {[%cal Rc6b4]}) 36. b5 Rc7 37. Rdb2 Ne6 38. Rd2 Nd4 39. Kf2 Kg6 40. Rdb2 Nf5 41. Rd2 (41. c5 $5 {[%cal Rc5b6]} Nxe3 42. cxb6 Nd1+ 43. Kf1 Nxb2 44. Rxb2 cxb5 45. bxc7 $11) 41... Nd4 42. bxc6 Rxc6 43. Nd5 Ra7 {The position is equal.} 44. Rdb2 Rxc4 45. Rxb6 Rcxa4 46. Rxd6+ Kg7 47. Rxa4 Rxa4 48. Rd7+ Kg6 49. Rd6+ {Precision: White = 59%, Black = 68%.} 1/2-1/2

[Event "FIDE World Cup 2017"]
[Site "Tbilisi"]
[Date "2017.09.06"]
[Round "2.1"]
[White "Onischuk, Alexander"]
[Black "Wojtaszek, Radoslaw"]
[Result "1/2-1/2"]
[WhiteElo "2682"]
[BlackElo "2739"]
[Annotator "TA"]
[PlyCount "83"]
[EventDate "2017.??.??"]
[EventType "k.o."]
[EventCountry "GEO"]
[SourceTitle "playchess.com"]
[Source "ChessBase"]
[SourceQuality "1"]

{[%evp 12,83,0,0,8,-52,3,-2,0,-9,15,12,12,0,13,16,7,20,7,6,21,10,6,2,4,0,12,10,26,16,12,8,18,18,15,20,12,12,22,22,18,6,8,5,10,8,9,6,22,22,22,20,16,16,20,20,23,10,11,12,31,22,52,2,2,2,2,3,38,2,2,2,3,0]} 1. d4 Nf6 2. c4 e6 3. g3 d5 4. Nf3 Bb4+ 5. Nbd2 dxc4 6. a3 {E01: Catalan: Early deviations} (6. Bg2 b5 7. a4 c6 8. O-O a5 9. Qc2 O-O 10. b3 c3 11. Nb1 bxa4 12. bxa4 Bb7 13. Nxc3 c5 14. dxc5 Nbd7 15. Rd1 Qe7 16. Nb5 {½-½ (16) Yu,Y (2749)-Yilmaz,M (2630) Khanty-Mansiysk 2017}) 6... Bxd2+ 7. Bxd2 {LiveBook: 5 Games} O-O 8. Qc2 ({White should play} 8. Bg2 $11) 8... b6 $146 (8... b5 $15) ({Find the theoretical novelty and annotate with similar games:} 8... b5 9. Bg2 Bb7 10. O-O Be4 11. Qc1 Nc6 12. Rd1 Nd5 13. Bc3 {0-1 (35) Zhao,S (1856)-Zhu,J (2012) Wuxi 2015}) 9. Qxc4 $11 Bb7 10. Rc1 c5 11. dxc5 Bd5 12. Qh4 Nbd7 {[%cal Bb8d7,Bd7c5,Bc5e4][%mdl 32]} (12... Ne4 $5 {[%cal Re4d2]} 13. Be3 bxc5 $11) 13. c6 Nc5 14. Bg2 Rc8 15. Bg5 ({Reject} 15. b4 Nb3 $15) 15... Nce4 16. Be3 (16. Bxf6 $5 Nxf6 17. Qa4 $14) 16... Rxc6 17. Rxc6 Bxc6 18. O-O h6 19. Rc1 Ba8 20. Qf4 Nd6 21. Qa4 Qe7 22. Bf4 Rc8 23. Rxc8+ Nxc8 24. Qd4 Qd7 25. Qxd7 Nxd7 26. Bh3 Kf8 27. Ne5 Ke7 28. Nxd7 Kxd7 {[%mdl 4096] Endgame KBB-KBN} 29. f3 Bd5 30. e4 Bc4 31. Be5 f6 32. Bc3 Ne7 33. Kf2 Nc6 34. Ke3 a5 35. f4 b5 36. e5 f5 37. Bd4 g5 {[%cal Bg7g5,Bg5g4][%mdl 32]} 38. Bc5 g4 $1 {[%cal Rg4h3]} 39. Bg2 Kc7 40. Kd2 a4 41. Kc3 h5 42. Bxc6 {Precision: White = 57%, Black = 54%.} 1/2-1/2